000 00255nam a22001217a 4500
020 _a1-8464-6124-3
082 _a823
_bLAD/T
100 _aLADY BIRD
245 _aTWO MICE IN A BOAT
260 _aITALY
650 _aENGLISH SHORT STORY
_zITALY
942 _cBK
999 _c1991
_d1991